Dagoll Dagom : 1974-1989 1974-1989
Publicado:
Barcelona :
Institut del Teatre de la Diputació de Barcelona ; Madrid : Comunidad de Madrid. Centro de Estudios y Actividades Culturales, DL 1989
Descripción Física:
189 p. : principalment il., col. ; 27 cm
Otros Autores:
Centro de Estudios y Actividades Culturales (Madrid)
Materias:
Dagoll Dagom (Grup teatral)
MARC
| LEADER | 00000nam a2200000Ia 4500 | ||
|---|---|---|---|
| 001 | 8897 | ||
| 008 | 160829s9999 xx 000 0 cat d | ||
| 080 | |a B-1-64 | ||
| 245 | |a Dagoll Dagom : |b 1974-1989 | ||
| 260 | |a Barcelona : |b Institut del Teatre de la Diputació de Barcelona ; Madrid : |b Comunidad de Madrid. Centro de Estudios y Actividades Culturales, DL 1989 | ||
| 300 | |a 189 p. : |b principalment il., col. ; |c 27 cm | ||
| 590 | |a Catàleg de l' exposició. Text en català i castellà, a dues columnes i traducció final al francès i anglès. | ||
| 590 | |a Cronologia d'obres estrenades | ||
| 650 | |a Dagoll Dagom (Grup teatral) |9 34712 | ||
| 700 | |a Centro de Estudios y Actividades Culturales (Madrid) |9 34713 | ||
| 710 | 1 | |a Institut del Teatre (Barcelona, Catalunya) |9 52662 | |
| 901 | |a Arxiu | ||
| 942 | |n 1 | ||
| 952 | |0 0 |1 0 |4 0 |6 B164 |7 1 |9 46617 |a Arxiu |b Arxiu |d 2016-12-01 |l 0 |o B-1-64 |p 8897 |r 2016-12-01 00:00:00 |w 2016-12-01 |y ARXIU | ||
| 999 | |c 50410 |d 50410 | ||